000 00671nam a2200241Ia 4500
003 OSt
005 20220918230141.0
006 a|||||r|||| 00| 0
007 ta
008 220917b |||||||| |||| 00| 0 eng d
024 _a249,968
037 _cTextual
040 _aARTS
_cARTS
_beng
041 _2eng
_aeng
082 _aY12:1.261MG, K3
100 _aBurling Robbins
245 0 _aRengsanggri
_b Family and kinship in a Garo village
260 _aPhiladelphia
_bUniversity of Pennsylvania Press
_c1963
300 _a377p.
_ccm.
650 _aSOCIOLOGY
942 _hY12:1.261MG, K3
_cTEXL
_2CC
999 _c287215
_d287215